00861nam a22002297a 4500999001500000001000600015003000900021005001700030008004100047020001800088040002800106082001800134100002700152245011800179260007000297300002400367504005100391650004800442650001600490942001200506952011300518 c8482d848222083BD-DhUAP20240324123114.0100524s2010 ii b 001 0 eng  a9788175967274 aDLCcDLCdBD-DhUAPbeng 222a306.2 MUK1 aMukhopadhyay, Amartya.10aPolitics, society, and colonialism :ban alternative understanding of Tagore's responses /cAmartya Mukhopadhyay. aNew Delhi :bFoundation Books, Cambridge University Press,c2010. ax, 399 p. ;c24 cm. aIncludes bibliographical references and index. aSocial SciencexPolitical and social views. acolonialism 2ddccBK 00102ddc4070aUAPCLbUAPCLcGeneral Stacksd2024-03-24o306.2 MUKp3010022083r2024-03-24t1v1287.00yBK